header

Leading healthcare cultures (Record no. 160846)

MARC details
000 -LEADER
fixed length control field 01279nam a2200313Ia 4500
100 1# - MAIN ENTRY--AUTHOR NAME
Personal name Atchison, Thomas A.,
245 10 - TITLE STATEMENT
Title Leading healthcare cultures
260 ## - PUBLICATION, DISTRIBUTION, ETC. (IMPRINT)
Place of publication Chicago :
Name of publisher Health Administration Press,
Year of publication c2009.
300 ## - PHYSICAL DESCRIPTION
Number of Pages 52 p.
650 #0 - SUBJECT ADDED ENTRY--TOPICAL TERM
Topical Term Health facilities
Topical Term Health facilities
Topical Term Corporate culture.
700 1# - ADDED ENTRY--PERSONAL NAME
Personal name Carlson, Greg
856 40 - ELECTRONIC LOCATION AND ACCESS
Uniform Resource Identifier http://site.ebrary.com/lib/rucke/Doc?id=10309185

No items available.

© 2026 Rongo University
Contact us: librarian | system librarian | Rongo university